000 00813cab a2200265 4500
001 ABS54996
008 090401t1996 xxu||||| |||| 00| 0 eng d
035 _a(Sirsi) u13525
041 _aeng
100 _aNanson, B.
245 2 _aA British National Geospatial Database part 2: how it might be achieved
260 _c1996
350 _a0
490 _aMapping Awareness
_v10(3) April 1996, 38-40(3)
520 _aIn the second of two articles on a NGD, this article suggests ways of going about it, and bringing the project to fruition. [Part 1: ABS54748]
650 _aGIS
650 _aGLOBAL POSITIONING SYSTEMS
650 _aNATIONAL GEOSPATIAL DATABASE
650 _aVIRTUAL DATABASES
690 _aLAND
700 _aSmith, N.
700 _aDavey, A.
942 _n0
948 _c04/03/1997
999 _c8714
_d8714